Proceedings of the Scientific-Practical Conference "Research and Development - 2016" (Record no. 23735)
[ view plain ]
| 000 -LEADER | |
|---|---|
| fixed length control field | 00615nam a2200121Ia 4500 |
| 008 - FIXED-LENGTH DATA ELEMENTS--GENERAL INFORMATION | |
| fixed length control field | 220620s9999||||xx |||||||||||||| ||und|| |
| 100 ## - MAIN ENTRY--PERSONAL NAME | |
| Personal name | A. N. Petrov||K. V. Anisimov||V. P. Polukarov||S. K. Kolpakov||A. V. Dub||A. V. Lisitsa||V. A. Vinokurov||O. S. Popel |
| 245 #0 - TITLE STATEMENT | |
| Title | Proceedings of the Scientific-Practical Conference "Research and Development - 2016" |
| 546 ## - LANGUAGE NOTE | |
| Language note | English[eng] |
| 650 ## - SUBJECT ADDED ENTRY--TOPICAL TERM | |
| Topical term or geographic name entry element | talent management||sensor arrays||oil waste||laser technology||oil production||dry separation technology||automatic speech recognition |
| 856 ## - ELECTRONIC LOCATION AND ACCESS | |
| Uniform Resource Identifier | <a href="https://link.springer.com/book/10.1007/978-3-319-62870-7">https://link.springer.com/book/10.1007/978-3-319-62870-7</a> |
| 942 ## - ADDED ENTRY ELEMENTS (KOHA) | |
| Koha item type | E-Books |
| Withdrawn status | Lost status | Damaged status | Not for loan | Home library | Current library | Date acquired | Total Checkouts | Date last seen | Price effective from | Koha item type |
|---|---|---|---|---|---|---|---|---|---|---|
| Kerala University of Digital Sciences, Innovation and Technology Knowledge Centre | Kerala University of Digital Sciences, Innovation and Technology Knowledge Centre | 20/06/2022 | 20/06/2022 | 20/06/2022 | E-Books |